000 00510nam a22001937a 4500
003 LK-CoDNM
005 20241219150142.0
008 241219b |||||||| |||| 00| 0 eng d
040 _aLK-CoDNM
_dLK-CoDNM
_eLK-CoDNM
041 _aeng
080 _a2
_bI21
100 _aFAUSTINO,LEOPOLDO,A
245 _aRECENT MADREPORARAI OF THE PKHILIPPINE ISLAND S
260 _c1927
_aMANILA
_bBUREAU OF PRINTING
300 _a310P. : 100ill ; 23 cm
650 _aSCIENCE
700 _aWOODWARD,BB
942 _cBK
999 _c233729
_d233729